000
002630000a22000970004500
100
1
_a
Hamilton, Tim
245
1
0
_a
The day sea came (Back to Orissa : Putting a roof over their heads)
300
_a
Num. 13, (2000), Páginas 22-23
773
0
_t
Teartimes
942
_c
ANA
999
_c
55888
_d
55888